00529nam a22001577a 4500020001800000040000900018082001700027100002400044110003800068245004400106260003200150650005200182942001200234999001900246952010600265 a9783540212591 cnust a004.259bHYB aAlur Rajeev9122761 a Pappas. J George (Eds.)9122762 aHybrid Systems: Computation and Control aNew York:bSpringer,c2004. aHybrid Systems: Computation and Control9122763 2ddccBK c609207d609207 00102ddc4070aCEMEbCEMEcGENd2024-05-21l0o004.259 HYBpCEME- 40893r2024-05-21w2024-05-21yBK